[Event "EU-ch Hybrid U12"]
[Site "Tornelo INT"]
[Date "2021.10.15"]
[Round "8"]
[White "Azadaliyev, Jahandar"]
[Black "Usov, Aleksandr E"]
[Result "1/2-1/2"]
[WhiteElo "1894"]
[BlackElo "2292"]
[PlyCount "89"]
[EventDate "2021.10.15"]
[EventType "swiss"]
[EventRounds "9"]
[EventCountry "NET"]
[SourceTitle "EXT 2023"]
[Source "ChessBase"]
[SourceDate "2022.10.05"]
[SourceVersion "1"]
[SourceVersionDate "2022.10.05"]
[SourceQuality "1"]
[WhiteTeam "Azerbaijan"]
[BlackTeam "Russia"]
[WhiteTeamCountry "AZE"]
[BlackTeamCountry "RUS"]

1. d4 d5 2. c4 c6 3. e3 Nf6 4. Nf3 Bf5 5. Nc3 e6 6. Bd3 Bxd3 7. Qxd3 Bd6 8. 0-0 Nbd7 9. Rd1 0-0 10. e4 dxe4 11. Nxe4 Nxe4 12. Qxe4 Nf6 13. Qe2 h6 14. Bd2 Qe7 15. Rac1 Rfd8 16. h3 Rac8 17. a3 b5 18. Ba5 Re8 19. cxb5 cxb5 20. Qxb5 Rb8 21. Qe2 Nd5 22. b4 Qd7 23. Ne5 Qa4 24. Qc2 Qb5 25. Qc6 Bxe5 26. dxe5 Qe2 27. Qc2 Qxe5 28. Bc7 Nxc7 29. Qxc7 Qb2 30. Qxa7 Ra8 31. Qd7 Qxa3 32. Rc7 Rf8 33. b5 Qb2 34. Rcc1 Ra2 35. Rf1 Qb3 36. Rb1 Rb2 37. Rxb2 Qxb2 38. Qb7 Rd8 39. b6 Rd5 40. Qb8+ Kh7 41. Qc7 Kg6 42. Qg3+ Kh7 43. Qc7 Kg6 44. Qg3+ Kh7 45. Qc7 1/2-1/2

[Event "EU-ch Hybrid U12"]
[Site "Tornelo INT"]
[Date "2021.10.15"]
[Round "3"]
[White "Usov, Aleksandr E"]
[Black "Camlar, Arda"]
[Result "0-1"]
[WhiteElo "2292"]
[BlackElo "1968"]
[PlyCount "84"]
[EventDate "2021.10.15"]
[EventType "swiss"]
[EventRounds "9"]
[EventCountry "NET"]
[SourceTitle "EXT 2023"]
[Source "ChessBase"]
[SourceDate "2022.10.05"]
[SourceVersion "1"]
[SourceVersionDate "2022.10.05"]
[SourceQuality "1"]
[WhiteTeam "Russia"]
[BlackTeam "Turkey"]
[WhiteTeamCountry "RUS"]
[BlackTeamCountry "TUR"]

1. e4 e5 2. Nf3 Nc6 3. d4 exd4 4. Bc4 Nf6 5. e5 d5 6. Bb5 Nd7 7. Bxc6 bxc6 8. Nxd4 Bb7 9. 0-0 c5 10. e6 Nf6 11. exf7+ Kxf7 12. Nf3 Bd6 13. Bg5 Qd7 14. Bh4 Rhe8 15. Bg3 Ba6 16. Re1 Rxe1+ 17. Qxe1 Re8 18. Qa5 Qb5 19. Qxb5 Bxb5 20. Bxd6 cxd6 21. Nbd2 Ne4 22. Rd1 Be2 23. Re1 Bxf3 24. Nxf3 h6 25. c3 g5 26. h3 a5 27. Nh2 Rb8 28. Re2 a4 29. a3 Nf6 30. Nf1 Re8 31. Rxe8 Nxe8 32. Ne3 Ke6 33. Kf1 Nf6 34. Ke2 Nd7 35. g3 Ne5 36. Kd2 Nc4+ 37. Nxc4 dxc4 38. f3 d5 39. Ke3 Kf5 40. Ke2 d4 41. Kf2 h5 42. Kg2 h4 0-1